Statistics for All Fnaf Animatronics

Click here to take the quiz!

General Stats

  • This quiz has been taken 176 times
    (161 since last reset)
  • The average score is 50 of 139

Answer Stats

HinweisAnswer% Correct
Fnaf 1Freddy Fazbear
100%
Fnaf 1Bonnie the Bunny
98%
Fnaf 1Chica The Chicken
98%
Fnaf 1Foxy The Pirate
98%
Fnaf 1Golden Freddy
95%
Fnaf 2Endo 02
81%
Fnaf 1Endo 01
81%
Fnaf 2Mangle
74%
Fnaf 2Toy Bonnie
74%
Fnaf 2Balloon Boy
73%
Fnaf 2Puppet
72%
Fnaf 2Toy Freddy
72%
Fnaf 2Toy Chica
71%
Fnaf 2Withered Freddy
71%
Fnaf 2Withered Bonnie
68%
Fnaf 2Withered Chica
67%
Fnaf 2Withered Foxy
67%
Fnaf 2RWQFSFASXC
66%
Fnaf 3Springtrap
66%
Fnaf 2Shadow Freddy
65%
Fnaf 4Nightmare
64%
Fnaf 5Circus Baby
61%
Fnaf 5Funtime Freddy
61%
Fnaf 5Ballora
60%
Fredbear's Family DinerFredbear
60%
Fnaf 5Funtime Foxy
60%
Fnaf 4Nightmare Bonnie
60%
Fredbear's Family DinerSpringbonnie
60%
Fnaf 5Ennard
59%
Fnaf 2JJ
59%
Fnaf 4Nightmare Chica
59%
Fnaf 4Nightmare Freddy
59%
Fnaf 4Nightmare Balloon Boy
56%
Fnaf 4Nightmare Foxy
56%
Fnaf 3Phantom Freddy
56%
Fnaf 3Phantom Chica
55%
Fnaf 3Phantom Foxy
55%
Fnaf 4Jack O' Bonnie
54%
Fnaf 4Jack O' Chica
54%
Fnaf 4Nightmare Fredbear
54%
Fnaf 4Plushtrap
54%
Fnaf 2Withered Golden Freddy
54%
Fnaf Security BreachGlamrock Freddy
53%
Fnaf 1Cupcake
52%
Fnaf 3Phantom Puppet
52%
Fnaf 5Bonbon
51%
Fnaf Security BreachGlamrock Chica
51%
Fnaf FFPSLefty
51%
Fnaf FFPSScraptrap
51%
Fnaf 3Phantom Mangle
49%
Fnaf 4Nightmare Mangle
48%
Fnaf 4Nightmarionne
48%
Fnaf 3Phantom Balloon Boy
48%
Fnaf 5Bonnet
47%
Fnaf Security BreachRoxanne Wolf
46%
Fnaf FFPSScrap Baby
46%
Fnaf FFPSRockstar Freddy
45%
Fnaf 5Lolbit
44%
Fnaf FFPSMolten Freddy
44%
Fnaf FFPSRockstar Chica
44%
Fnaf 5Yenndo
44%
Fnaf FFPSMr. Hippo
42%
Fnaf FFPSRockstar Bonnie
42%
Fnaf FFPSRockstar Foxy
42%
Fnaf VRGlitchtrap
41%
Fnaf Security BreachMontgomery Gator
41%
Fnaf FFPSHappy Frog
40%
Fnaf FFPSFuntime Chica
39%
Fnaf FFPSEl Chip
38%
Fnaf 5Electrobab
38%
Fnaf FFPSHelpy
38%
Fnaf Security BreachVanny
38%
Fnaf FFPSNeddbear
36%
Fnaf FFPSOrville Elephant
36%
Fnaf FFPSPigpatch
35%
Fnaf 4Nightmare Cupcake
34%
Fnaf WorldDeedee
31%
Fnaf 2Toy Cupcake
29%
Fnaf Security BreachMoondrop
28%
Fnaf FFPSMusic man
28%
Don't ForgetPurple Guy
28%
Fnaf Security BreachSunnydrop
28%
Fnaf FFPSMr. Hugs
27%
Fnaf FFPSSecurity Puppet
25%
Fnaf FFPSPrize King
24%
Fnaf FFPSBucket Bob
22%
Fnaf FFPSLemonade Clown
22%
Fnaf FFPSPan Stan
22%
Fnaf FFPSFruit Punch Clown
21%
Fnaf 3Phantom cupcake
21%
Fnaf Ultimate Costume NightX.O.R.
21%
Fnaf FFPSFuntime Cupcake
18%
Fnaf 5Hand Unit
18%
Fnaf VRNightmare Endo
18%
Fnaf FFPSEgg Baby
16%
Fredbear's Family DinerGolden Cupcake
16%
Fnaf VRPlush Baby
16%
Fnaf 4Jack O' Lantern
14%
Fnaf 5Magician
13%
Fnaf 5Little Joe
12%
Fnaf FFPSParrot
12%
Fnaf 5Minireena 2
9%
Fnaf WorldAnimdude
8%
Fnaf WorldCoffee
8%
Fnaf WorldEndo Plush
8%
Fnaf 5Minireena 1
8%
Fnaf WorldMendo
7%
Fnaf WorldDeskman
6%
Fnaf 4Fredbear Plush
6%
Fnaf VRScrap Plush Baby
6%
Fnaf 5Bidybab 1
5%
Fnaf 5Bidybab 2
5%
Don't ForgetSecurity Guard
5%
Fnaf Security BreachStaff Bots
5%
Fnaf VRTape Girl
5%
Fnaf FFPSCassette Man
4%
Fnaf 5Control Module Heads
4%
Fnaf 5Female Computer Voice
4%
Fnaf 5Minireena 3
4%
Fnaf 5Minireena 4
4%
Fnaf 1Purple Freddy
4%
Fnaf FFPSTutorial Unit
4%
Fnaf 5Unnamed Springlock suit
4%
Fnaf 2Withered Golden Freddy Head
4%
Fnaf FFPS1st Crate
2%
Fnaf 3Bonnie Jumpstand
2%
Fnaf 3Chica Head
2%
Fnaf 3Foxy Head
2%
Fnaf 3Foxy Hook
2%
Fnaf 4Freddle 1
2%
Fnaf 4Freddle 2
2%
Fnaf 4Freddle 3
2%
Fnaf 3Freddy Jumpstand
2%
Fnaf FFPSNeon Jukebox
2%
Fnaf 2Shadow Toy Chica
2%
Fnaf 2Shadow Toy Cupcake
2%
Fnaf 5Technician 1
2%
Fnaf 5Technician 2
2%
Fnaf 5Technician 3
2%

Score Distribution

Percentile by Number Answered

Percent of People with Each Score

Your Score History

You have not taken this quiz since the last reset